| 000 | 01022nam a2200253 i 4500 | ||
|---|---|---|---|
| 001 | 114455 | ||
| 003 | ES-MaACL | ||
| 005 | 20240530062939.0 | ||
| 007 | t| | ||
| 008 | 070301s1869 sp |||| | spa d | ||
| 040 | _cES-MaACL | ||
| 245 | 0 | 4 |
_aLos amores de don Tadeo / _ctraducida para el Folletín de las novedades por E.H. de A. |
| 260 |
_aMadrid : _b[s.n.], _c1869 _f(Imp. de las Novedades) |
||
| 300 |
_a11 páginas ; _c22 cm. |
||
| 490 | 1 | _aFolletín de las novedades | |
| 530 | _aDisponible en formato digital | ||
| 830 |
_aFolletín de las novedades _9185765 |
||
| 852 |
_aES-MaACL _cDEPO2 _hLegado: M. de la Fuente _jG-4760(2) _xEncuadernado con otras obras formando un volumen facticio _9118751 |
||
| 856 |
_uhttps://bvpb.mcu.es/es/consulta/registro.do?id=577764 _yVersión en línea _zBiblioteca Virtual del Patrimonio Bibliográfico |
||
| 903 |
_969535 _aLafuente, Modesto, _d1806-1866 _ednr _q1 |
||
| 942 |
_cMONANT _n0 |
||
| 999 |
_c114455 _d114455 |
||